[Event "Barcelona Sant Marti op 10th"]
[Site "Barcelona"]
[Date "2023.03.02"]
[Round "8"]
[White "Dominguez Diaz, Francisco"]
[Black "Ramirez Nieto, Carlos"]
[Result "0-1"]
[WhiteElo "1344"]
[BlackElo "1755"]
[PlyCount "110"]
[EventDate "2023.01.12"]
[EventType "swiss"]
[EventRounds "9"]
[EventCountry "ESP"]
[SourceTitle "CBM 213 Extra"]
[Source "ChessBase"]
[SourceDate "2023.05.31"]
[SourceVersion "1"]
[SourceVersionDate "2023.05.31"]
[SourceQuality "1"]

1. e4 e5 2. Nf3 Nf6 3. Nc3 Nc6 4. Bb5 a6 5. Ba4 b5 6. Bb3 Bb7 7. Ng5 d5 8. Nxd5 Nd4 9. Nxf6+ Qxf6 10. Nxf7 Nxb3 11. Nxh8 Nxa1 12. Qh5+ g6 13. Qxh7 Nxc2+ 14. Kd1 Bxe4 15. f3 Bd3 16. Qxc7 Rd8 17. Qh7 Bg7 18. Qg8+ Ke7 19. Nxg6+ Bxg6 20. Qb3 Bh6 21. Qc3 Qd6 22. Rg1 Qd4 23. Rh1 Qxc3 24. bxc3 Ne3+ 25. Ke2 Bd3+ 26. Kf2 Nc4 27. g3 Bxd2 28. Bxd2 Nxd2 29. h4 Bc4 30. a3 Nxf3 31. Rc1 e4 32. h5 Kf6 33. Ke3 Kf5 34. g4+ Kxg4 35. h6 Rh8 36. Rh1 Ng5 37. Rg1+ Kf5 38. Rh1 Bd3 39. Rh4 Nf7 40. h7 Ng5 41. Rh6 Rxh7 42. Rxa6 Rc7 43. a4 Rxc3 44. Ra5 Ra3 45. Ra8 bxa4 46. Rf8+ Ke5 47. Re8+ Ne6 48. Ra8 Bb1+ 49. Kd2 e3+ 50. Ke2 Nd4+ 51. Kf1 Ra2 52. Re8+ Kf4 53. Rf8+ Bf5 54. Rh8 Kg3 55. Rg8+ Bg4 0-1

[Event "Barcelona Sant Marti op 10th"]
[Site "Barcelona"]
[Date "2023.01.12"]
[Round "1"]
[White "Ramirez Nieto, Carlos"]
[Black "Poyato Duran, David"]
[Result "0-1"]
[WhiteElo "1755"]
[BlackElo "1701"]
[PlyCount "110"]
[EventDate "2023.01.12"]
[EventType "swiss"]
[EventRounds "9"]
[EventCountry "ESP"]
[SourceTitle "CBM 213 Extra"]
[Source "ChessBase"]
[SourceDate "2023.05.31"]
[SourceVersion "1"]
[SourceVersionDate "2023.05.31"]
[SourceQuality "1"]

1. d4 d5 2. c4 e6 3. Nc3 Nf6 4. Qc2 c5 5. e3 Nc6 6. Nf3 Bd6 7. Bd3 Nb4 8. Qe2 Nxd3+ 9. Qxd3 0-0 10. 0-0 a6 11. b3 Re8 12. Bb2 cxd4 13. exd4 Bd7 14. Ne5 Rc8 15. Rac1 dxc4 16. bxc4 Bc6 17. Nxc6 Rxc6 18. Rfe1 Qc7 19. h3 Rxc4 20. Ne4 Bh2+ 21. Kh1 Nxe4 22. Rxe4 Rxc1+ 23. Bxc1 Qxc1+ 24. Kxh2 Rc8 25. Rh4 Qc2 26. Qf3 Qc7+ 27. Kg1 Qd6 28. g3 Rc1+ 29. Kh2 Qc6 30. Qxc6 Rxc6 31. Rh5 g6 32. Ra5 Rc4 33. d5 exd5 34. Rxd5 Rc2 35. Kg2 Rxa2 36. Kf3 b5 37. Ke3 Kg7 38. h4 b4 39. Rd6 a5 40. Rb6 Rb2 41. Ra6 Ra2 42. Kd4 a4 43. Rb6 b3 44. Kc3 Rxf2 45. g4 Rf4 46. h5 Rxg4 47. hxg6 hxg6 48. Ra6 Rg3+ 49. Kb2 Rg2+ 50. Kc1 Ra2 51. Kb1 g5 52. Kc1 a3 53. Ra5 Ra1+ 54. Kd2 b2 55. Rxg5+ Kf6 0-1